Směnka Průvodce po slastech a strastech uživatele směnky

Gespeichert in:
Bibliographische Detailangaben
1. Verfasser: Svobodová, Věra
Format: Buch
Sprache:Tschechisch
Veröffentlicht: Brno ECON 1994
Ausgabe:1. vyd.
Schlagworte:
Tags: Tag hinzufügen
Keine Tags, Fügen Sie das erste Tag hinzu!

MARC

LEADER 00000nam a2200000 4500
001 c012016
005 20230223125723.0
020 |a 80-901627-1-1 
041 0 |a cze 
044 |a CZ 
245 1 0 |a Směnka  |b Průvodce po slastech a strastech uživatele směnky  |c Věra Svobodová 
250 |a 1. vyd. 
264 1 |a Brno  |b ECON  |c 1994 
300 |a 293 s. 
610 2 0 |a styk platobný 
610 2 0 |a úver 
610 2 0 |a úrok 
610 2 0 |a banky 
610 2 0 |a ČSOB Praha 
100 1 |a Svobodová, Věra